Statistics for SAT Words HARD Click Quiz - X

Click here to take the quiz!

General Stats

  • This quiz has been taken 85 times
  • The average score is 9 of 15

Answer Stats

HintAnswer% Correct
Remove demons or ghosts from a place or personExorcise
94%
Idyllic, exotic place; utopiaXanadu
87%
Marrying outside one’s tribe or groupExogamy
81%
Clear of guilt or blameExculpate
76%
Jubilant, energetic; or, hot-headedExalté
67%
Sword-shaped; or, a part of the sternumXiphoid
66%
Funeral rite or ceremonyExequy
61%
Ornate wood carvingXyloglyphy
55%
Yellow or yellowishXanthous
54%
Speak or write at length on a subjectExpatiate
48%
Able to bore into wood (said of an insect)Xylotomous
48%
Paranormal use of an unknown language during psychic tranceXenoglossy
46%
Room in monastery for pilgrims; guesthouseXenodochium
37%
Ancient Roman covered walkwayXystus
27%
Primitive wood carving of a deityXoanon
19%

Score Distribution

Percentile by Number Answered

Percent of People with Each Score

Your Score History

You have not taken this quiz